000 00357nam a2200133Ia 4500
008 240624s9999 xx 000 0 und d
041 _aeng
082 _a337.15 DRA
100 _aDRAGNEVA RILKA
245 _aEURASIAN ECONOMIC INTEGRATION LAW POLICY
260 _c2013
_aUnited Kingdom
_bEdward Elgar
300 _axviii, 231 p.; 23 cm.
365 _cBPS
_b33
999 _c32210
_d32210